Schaum's outline of theory and problems of computer graphics. -- 2nd ed. (Record no. 80330)

MARC details
000 -LEADER
fixed length control field 00971nam a2200217 a 4500
008 - FIXED-LENGTH DATA ELEMENTS--GENERAL INFORMATION
fixed length control field 121004s2000 ||||||||||||||||| || u
020 ## - INTERNATIONAL STANDARD BOOK NUMBER
International Standard Book Number 0071357815
050 ## - LIBRARY OF CONGRESS CALL NUMBER
Classification number T 385 Xia
100 ## - MAIN ENTRY--PERSONAL NAME
Personal name Xiang, Zhigang
245 10 - TITLE STATEMENT
Title Schaum's outline of theory and problems of computer graphics. -- 2nd ed.
Statement of responsibility, etc. by Zhigang Xiang and Roy Plastock
250 ## - EDITION STATEMENT
Edition statement 2nd ed.
260 ## - PUBLICATION, DISTRIBUTION, ETC.
Place of publication, distribution, etc. New York:
Name of publisher, distributor, etc. McGraw-Hill
Date of publication, distribution, etc. 2000
300 ## - PHYSICAL DESCRIPTION
Extent ix, 342p.: ill.
490 ## -
-- Schaum's outline series
500 ## - GENERAL NOTE
General note Donated by Counsellor Kang'ombe
650 ## - SUBJECT ADDED ENTRY--TOPICAL TERM
Topical term or geographic name entry element COMPUTER GRAPHICS--PROBLEMS, EXERCISES, ETC
650 ## - SUBJECT ADDED ENTRY--TOPICAL TERM
Topical term or geographic name entry element COMPUTER GRAPHICS--OUTLINES, SYLLABI, ETC
700 ## - ADDED ENTRY--PERSONAL NAME
Personal name Plastock, Roy A
995 ## -
-- MAIN LIBRARY OPEN ACCESS
-- 743375
-- CBU-MAIN LIBRARY (Kitwe)
-- T 385 Xia
-- 2
-- AVAILABLE
-- Oct 4, 2012
-- 743375
-- Main Library Open Access Collection
995 ## -
-- MAIN LIBRARY OPEN ACCESS
-- 743374
-- CBU-MAIN LIBRARY (Kitwe)
-- T 385 Xia
-- 1
-- AVAILABLE
-- Oct 4, 2012
-- 743374
-- Main Library Open Access Collection
999 ## -
-- 80330
-- 80330
Holdings
Withdrawn status Lost status Source of classification or shelving scheme Damaged status Not for loan Permanent Location Current Location Shelving location Date acquired Total Checkouts Full call number Barcode Date last seen Copy number Price effective from Koha item type
          CBU-MAIN LIBRARY, KITWE. CBU-MAIN LIBRARY, KITWE.   06/29/2023   T 385 Xia 743375 06/29/2023 1 06/29/2023 MONOGRAPH
          CBU-MAIN LIBRARY, KITWE. CBU-MAIN LIBRARY, KITWE.   06/29/2023   T 385 Xia 743374 06/29/2023 2 06/29/2023 MONOGRAPH